000 00293nam a2200097Ia 4500
008 220204s9999 xx 000 0 und d
082 _aNR:631.35NED
_bRUB.15
245 0 _aRubber tappers' directory: Nedumangad region.
260 _aKottayam
_bRubber Research Institute of India
_c2014
942 _cBK
999 _c44652
_d44652